00744nam a2200217 4500999001500000001000600015003000900021005001700030008004100047020001800088040003800106082001800144100001200162245004200174260005300216300003000269504005100299650004000350942001200390952012400402 c8305d830521283BD-DhUAP20230530170655.0230530b2015 bg a|||| |||| 001 0ceng d a9789843393234 aBD-DhUAPbENGcBD-DhUAPdBD-DhUAP 223a341.2 AMI aAmin,Al aInternational organizations/cAl Amin aDhaka ,bDhaka International University;c2015 . axxiv, 372 pages :c22 cm. aIncludes bibliographical references and index. aInternational agencieszBangladesh. 2ddccBK 00102ddc4070aUAPCLbUAPCLcGeneral Stacksd2023-05-30o341.2 AMIp3010021283r2023-05-30t1v600.00w2023-05-30yBK